[Event "AUTO-OPEN-2566"]
[Site "http://www.queenalice.com/game.php?id=1017822"]
[Date "2012.1.29"]
[Round "1"]
[White "tranquilli_calmo"]
[Black "pomar"]
[Result "1-0"]
[WhiteElo "1943"]
[BlackElo "2115"]

1. d4 e6 2. e4 d5 3. Nc3 Bb4 4. e5 c5 5. a3 cxd4 6. Qxd4 Nc6 7. Qg4 Bxc3+ 8.
bxc3 g6 9. Nf3 Qc7 10. Qg3 Nge7 11. Bd3 Bd7 12. Bh6 Na5 13. O-O Qxc3 14. Bg7 Rg8
15. Bf6 d4 16. Qh4 Nac6 17. Qxh7 O-O-O 18. Qxf7 Rdf8 19. Qh7 Nf5 20. Rab1 Qxa3
21. Rxb7 Kxb7 22. Qxd7+ Kb6 23. Rb1+ Nb4 24. Qb5+ Kc7 25. Rxb4 1-0

[Event "AUTO-OPEN-2566"]
[Site "http://www.queenalice.com/game.php?id=1017823"]
[Date "2012.1.29"]
[Round "1"]
[White "pomar"]
[Black "tranquilli_calmo"]
[Result "1-0"]
[WhiteElo "2108"]
[BlackElo "1950"]

1. f3 d5 2. Kf2 e5 3. e3 f5 4. d4 e4 5. c4 c6 6. Nc3 Nf6 7. cxd5 cxd5 8. Qa4+
Bd7 9. Qb3 Bc6 10. Bb5 Bxb5 11. Nxb5 a6 12. Nc3 Qd7 13. Nge2 Be7 14. Nf4 O-O 15.
Nfxd5 Kh8 16. Nb6 Qd8 17. Nxa8 Nbd7 18. Qxb7 exf3 19. gxf3 Bd6 20. Qxa6 Ne8 21.
Nb5 Qh4+ 22. Ke2 Bxh2 23. Bd2 Qg3 24. Kd3 Nef6 25. Bb4 Re8 26. Nac7 Qxf3 27.
Nxe8 Qe4+ 28. Kd2 Nd5 29. Rhe1 Nxb4 30. Qc8 Nb6 31. Qc5 Qd3+ 32. Kc1 Qc4+ 33.
Qxc4 Nxc4 34. b3 Nd3+ 35. Kc2 Nxe1+ 36. Rxe1 1-0

[Event "OS INCLIVEIS"]
[Site "http://www.queenalice.com/game.php?id=1029878"]
[Date "2012.2.15"]
[Round "-"]
[White "adelio"]
[Black "tranquilli_calmo"]
[Result "0-1"]
[WhiteElo "1656"]
[BlackElo "1945"]

1. d4 Nf6 2. d5 c6 3. d6 exd6 4. Bg5 Qa5+ 5. Bd2 Qb6 6. Qc1 d5 7. Bg5 Ne4 8. Qe3
Bc5 9. Nc3 Bxe3 10. Nxe4 Bxg5 11. Nxg5 Qxb2 12. Rd1 Qc3+ 13. Rd2 Na6 14. N1f3
Nb4 15. Nd4 Nd3+ 16. exd3 Qa1+ 17. Rd1 Qxd4 18. Nf3 Qb4+ 19. Rd2 O-O 20. Be2 d6
21. h3 Qb1+ 22. Bd1 Re8+ 23. Kf1 Bd7 24. Kg1 Qb4 25. g3 Re1+ 26. Kg2 Rxh1 27.
Kxh1 Bxh3 28. d4 Bg4 29. Kg2 Bxf3+ 30. Bxf3 Qxd2 31. g4 Re8 32. Kg3 Re6 33. Kg2
Rh6 34. a4 Qe1 35. Kg3 Rf6 36. Kg2 Qc3 37. Bd1 Qxd4 38. Bf3 Qf4 39. Bd1 Qxf2+
40. Kh3 Rh6# 0-1

[Event "AUTO-MASTER-1654"]
[Site "http://www.queenalice.com/game.php?id=1061065"]
[Date "2012.5.18"]
[Round "1"]
[White "aknightout"]
[Black "tranquilli_calmo"]
[Result "0-1"]
[WhiteElo "1973"]
[BlackElo "1992"]

1. b3 d5 2. Nf3 c5 3. e3 Nc6 4. Bb2 a6 5. c4 d4 6. exd4 cxd4 7. d3 e5 8. Be2
Bb4+ 9. Nbd2 Nf6 10. a3 Bxd2+ 11. Nxd2 Bf5 12. O-O Qc7 13. Nf3 h6 14. b4 b5 15.
Nh4 Bh7 16. c5 O-O 17. Bf3 g5 18. Bxc6 Qxc6 19. Re1 gxh4 20. Rxe5 Rad8 21. Qd2
Kg7 22. Rae1 Ng4 23. Rh5 Bg6 24. Rxh4 h5 25. Qg5 Qf6 26. Qxf6+ Nxf6 27. Bxd4
Rfe8 28. Be5 Rxd3 29. Rh3 Rxe5 30. Rhe3 Rexe3 0-1

[Event "AUTO-MASTER-1654"]
[Site "http://www.queenalice.com/game.php?id=1061066"]
[Date "2012.5.18"]
[Round "1"]
[White "tranquilli_calmo"]
[Black "aknightout"]
[Result "1-0"]
[WhiteElo "1977"]
[BlackElo "1940"]

1. d4 Nf6 2. c4 b6 3. Nc3 Bb7 4. Qc2 e6 5. a3 Be7 6. Nf3 O-O 7. e4 d6 8. Bd3 Nc6
9. e5 Nxd4 10. Nxd4 Bxg2 11. Rg1 dxe5 12. Rxg2 Qxd4 13. Be3 Qd7 14. Bh6 1-0

[Event "AUTO-MASTER-1654"]
[Site "http://www.queenalice.com/game.php?id=1061083"]
[Date "2012.5.18"]
[Round "1"]
[White "tranquilli_calmo"]
[Black "PallBrandt"]
[Result "1-0"]
[WhiteElo "1949"]
[BlackElo "1927"]

1. d4 d5 2. c4 e6 3. Nc3 Nf6 4. cxd5 exd5 5. Bg5 Be7 6. e3 Nc6 7. Bb5 Bd7 8.
Bxf6 Bxf6 9. Nxd5 O-O 10. Nxf6+ gxf6 11. Nh3 a6 12. Bd3 Ne7 13. Nf4 c6 14. Qh5
Ng6 15. Qh6 f5 16. Nh5 Qa5+ 17. Kf1 1-0

[Event "AUTO-MASTER-1654"]
[Site "http://www.queenalice.com/game.php?id=1061084"]
[Date "2012.5.18"]
[Round "1"]
[White "PallBrandt"]
[Black "tranquilli_calmo"]
[Result "1-0"]
[WhiteElo "1929"]
[BlackElo "1951"]

1. d4 Nf6 2. c4 g6 3. Nc3 Bg7 4. Nf3 O-O 5. e4 d6 6. Be2 e5 7. O-O Nc6 8. Bg5 h6
9. Be3 Ng4 10. d5 Nxe3 11. fxe3 b6 12. dxc6 1-0

[Event "AUTO-MASTER-1654"]
[Site "http://www.queenalice.com/game.php?id=1061085"]
[Date "2012.5.18"]
[Round "1"]
[White "tranquilli_calmo"]
[Black "carlosfed"]
[Result "1-0"]
[WhiteElo "1964"]
[BlackElo "1900"]

1. d4 d5 2. c4 dxc4 3. e4 b5 4. a4 c6 5. axb5 cxb5 6. b3 Ba6 7. bxc4 e6 8. cxb5
Qb6 9. bxa6 Nc6 10. Nf3 Nf6 11. Be2 Nxe4 12. O-O Bd6 13. Nbd2 Nf6 14. Nc4 Qc7
15. Nxd6+ Qxd6 16. Bb5 O-O 17. Ba3 Nb4 18. Qa4 Nfd5 19. Rab1 Rfd8 20. Bxb4 Nxb4
21. Rxb4 h6 22. Rc1 g5 23. Ne5 Kg7 24. Rc6 Qe7 25. Rbc4 f6 26. Rc7 1-0

[Event "AUTO-MASTER-1654"]
[Site "http://www.queenalice.com/game.php?id=1061086"]
[Date "2012.5.18"]
[Round "1"]
[White "carlosfed"]
[Black "tranquilli_calmo"]
[Result "0-1"]
[WhiteElo "1909"]
[BlackElo "1934"]

1. e4 c6 2. Bc4 d5 3. exd5 cxd5 4. Bb5+ Nc6 5. h3 e5 6. Ne2 Nf6 7. d3 Bc5 8. Bg5
Qa5+ 9. Nbc3 d4 10. Bc4 dxc3 11. Nxc3 Nd7 12. O-O O-O 13. a3 Bd4 14. Bd2 Qd8 15.
Qg4 Nb6 16. Qg3 Nxc4 17. dxc4 f5 18. Na4 f4 19. Qb3 f3 20. g4 Qh4 0-1

[Event "aknightout"]
[Site "http://www.queenalice.com/game.php?id=1081157"]
[Date "2012.7.10"]
[Round "1"]
[White "tranquilli_calmo"]
[Black "Rutty"]
[Result "0-1"]
[WhiteElo "2007"]
[BlackElo "2052"]

1. d4 d5 2. c4 c6 3. Nc3 Nf6 4. Nf3 e6 5. e3 Bb4 6. Qb3 Bxc3+ 7. bxc3 O-O 8. Bd3
dxc4 9. Qxc4 Nbd7 10. Bc2 Nb6 11. Qd3 c5 12. Ba3 c4 13. Qe2 Re8 14. Ne5 Nfd7 15.
Nxc4 Nxc4 16. Qxc4 Nb6 17. Qd3 f5 18. h4 Nd5 19. h5 b6 20. Bb3 Qg5 21. g3 Qg4
22. Rh4 Qg5 23. Bd6 Bb7 24. Ba4 Red8 25. Bf4 Nxf4 26. exf4 Qe7 27. Bb3 Kh8 28.
O-O-O a5 29. Qe3 Be4 30. f3 Qa3+ 31. Kd2 Bd5 32. c4 a4 33. cxd5 axb3 34. h6 Qa5+
35. Kd3 Qxd5 36. hxg7+ Kxg7 37. Rdh1 Rh8 38. a4 Rxa4 39. Rh6 Qc4+ 0-1

[Event "AUTO-MASTER-1720"]
[Site "http://www.queenalice.com/game.php?id=1096625"]
[Date "2012.8.26"]
[Round "1"]
[White "fernandocomparsi"]
[Black "tranquilli_calmo"]
[Result "1-0"]
[WhiteElo "2018"]
[BlackElo "2029"]

1. e4 c6 2. d4 d6 3. Nf3 Nf6 4. Nc3 Bg4 5. h3 Bh5 6. Bg5 Nbd7 7. Be2 Qa5 8. Bxf6
Nxf6 9. O-O e6 10. a3 Be7 11. b4 Qb6 12. Na4 Qc7 13. Nc3 d5 14. exd5 cxd5 15.
Nb5 Qb6 16. Ne5 Bxe2 17. Qxe2 a6 18. Nc3 Qxd4 19. Na2 Bd6 20. Nf3 Qf4 21. Nc1
Rc8 22. Nd3 Qc4 23. Nd2 Qc3 24. Rfc1 O-O 25. Nb3 Ne4 26. g4 b6 27. f3 Ng3 28.
Qg2 Qf6 29. Nd2 h5 30. Nf1 Nxf1 31. Rxf1 Rc3 32. g5 Qf5 33. f4 Rfc8 34. Ra2 R8c4
35. Qd2 Qxh3 36. Rf2 h4 37. Rh2 Qg3+ 38. Rg2 Bxf4 39. Nxf4 Qxf4 40. Qe2 Rf3 41.
Ra1 1-0

[Event "AUTO-MASTER-1720"]
[Site "http://www.queenalice.com/game.php?id=1096626"]
[Date "2012.8.26"]
[Round "1"]
[White "tranquilli_calmo"]
[Black "fernandocomparsi"]
[Result "0-1"]
[WhiteElo "2033"]
[BlackElo "2107"]

1. d4 d5 2. c4 e6 3. Nc3 Nf6 4. cxd5 Nxd5 5. e4 Nxc3 6. bxc3 g6 7. Nf3 Bg7 8.
Ba3 b6 9. Bb5+ Bd7 10. Bc4 c5 11. Rc1 cxd4 12. cxd4 b5 13. Qb3 bxc4 14. Rxc4 a6
15. Rc5 Bf8 16. Rc3 Bxa3 17. Qxa3 Bb5 18. d5 Nd7 19. Nd4 Nf6 20. Nxb5 axb5 21.
Qc5 Nxe4 22. Qc6+ Kf8 0-1

[Event "AUTO-MASTER-1720"]
[Site "http://www.queenalice.com/game.php?id=1096641"]
[Date "2012.8.26"]
[Round "1"]
[White "Rutty"]
[Black "tranquilli_calmo"]
[Result "0-1"]
[WhiteElo "2100"]
[BlackElo "2014"]

1. d4 Nf6 2. c4 g6 3. Nf3 Bg7 4. Nc3 O-O 5. e4 d6 6. Bd3 Nc6 7. h3 e5 8. d5 Nb4
9. a3 Nxd3+ 10. Qxd3 Nd7 11. O-O f5 12. Bg5 Nf6 13. Rac1 f4 14. b4 b6 15. Bxf6
Bxf6 16. Rfd1 a5 17. Ra1 Qe7 18. Nb5 Kg7 19. Rac1 axb4 20. axb4 Ba6 21. Nc3 Ra7
22. Ra1 Rfa8 23. b5 Bb7 24. Rxa7 Rxa7 25. Ne2 Qe8 26. g3 Qa8 27. gxf4 Ra3 28.
Nc3 exf4 29. Rc1 Rxc3 30. Rxc3 Qa1+ 0-1

[Event "AUTO-MASTER-1720"]
[Site "http://www.queenalice.com/game.php?id=1096642"]
[Date "2012.8.26"]
[Round "1"]
[White "tranquilli_calmo"]
[Black "Rutty"]
[Result "1-0"]
[WhiteElo "1993"]
[BlackElo "2113"]

1. d4 d5 2. c4 c6 3. Nc3 Nf6 4. Nf3 g6 5. e3 Bg7 6. Qc2 O-O 7. Bd3 Bg4 8. Ne5
Be6 9. Qb3 Qb6 10. O-O Qxb3 11. axb3 Nbd7 12. f4 Nxe5 13. fxe5 Nd7 14. c5 b5 15.
Ra6 Rfc8 16. Bd2 f6 17. exf6 exf6 18. Rfa1 Rc7 19. Nxb5 cxb5 20. Rxe6 Rb8 21. e4
Nxc5 22. dxc5 Rxc5 23. Bb4 1-0

[Event "AUTO-MASTER-1720"]
[Site "http://www.queenalice.com/game.php?id=1096653"]
[Date "2012.8.26"]
[Round "1"]
[White "tranquilli_calmo"]
[Black "attachui"]
[Result "0-1"]
[WhiteElo "2009"]
[BlackElo "2078"]

1. d4 Nf6 2. c4 g6 3. Nc3 Bg7 4. e4 d6 5. Nf3 O-O 6. Be2 e5 7. O-O Nc6 8. d5 Ne7
9. Ne1 Ne8 10. Be3 f5 11. f3 h6 12. c5 c6 13. dxc6 bxc6 14. Qb3+ d5 15. exd5
Nxd5 16. Nxd5 Be6 17. Nf6+ Qxf6 18. Qb7 Rc8 19. Qxa7 e4 20. Rb1 Qh4 21. g3 Qh5
22. Qa6 Nf6 23. fxe4 Qh3 24. Nd3 Ng4 25. Bxg4 Qxg4 26. Rf4 Qe2 27. Re1 Qc2 28.
Rf2 Qc4 29. Qxc4 Bxc4 30. Nf4 Kh7 31. b3 Bg8 32. exf5 Rxf5 33. Rfe2 Bc3 34. Rc1
Bb4 35. Nd3 Ba5 36. Rf1 Rxf1+ 37. Kxf1 Rd8 38. Bd2 Rxd3 39. Bxa5 Bd5 40. Re7+
Kg8 41. Ke2 Rd4 0-1

[Event "AUTO-MASTER-1720"]
[Site "http://www.queenalice.com/game.php?id=1096654"]
[Date "2012.8.26"]
[Round "1"]
[White "attachui"]
[Black "tranquilli_calmo"]
[Result "0-1"]
[WhiteElo "2160"]
[BlackElo "2009"]

1. d4 Nf6 2. c4 e5 3. dxe5 Ng4 4. Nf3 Bc5 5. e3 Qe7 6. Qd5 Nc6 7. a3 a5 8. Nc3
Ngxe5 9. Be2 d6 10. O-O O-O 11. Nd4 Kh8 12. f4 Bxd4 13. exd4 Nd7 14. Nb5 Qxe2
15. Nxc7 Rb8 16. Qxd6 Ne7 17. f5 Nc6 18. d5 Nd4 19. Bg5 f6 20. Rae1 Qxc4 21. Ne6
Rg8 22. Rf4 Ne2+ 23. Rxe2 Qxe2 24. Bh4 Qe3+ 25. Kf1 Ne5 26. Bg3 Bxe6 27. fxe6
Rbc8 0-1

[Event "aknightout"]
[Site "http://www.queenalice.com/game.php?id=1113156"]
[Date "2012.10.16"]
[Round "2"]
[White "aknightout"]
[Black "tranquilli_calmo"]
[Result "1-0"]
[WhiteElo "1928"]
[BlackElo "2050"]

1. e4 c5 2. Nf3 Nc6 3. g3 Nf6 4. d3 e5 5. Bg2 d6 6. Bg5 Qb6 7. b3 Qa5+ 8. Nbd2
Be7 9. O-O h6 10. Nc4 Qc7 11. Bd2 b5 12. Ne3 Be6 13. Nh4 O-O 14. Nhf5 Rfe8 15.
h4 1-0

[Event "AUTO-MASTER-1654"]
[Site "http://www.queenalice.com/game.php?id=1115590"]
[Date "2012.10.24"]
[Round "2"]
[White "tranquilli_calmo"]
[Black "CCapivara"]
[Result "0-1"]
[WhiteElo "2020"]
[BlackElo "2145"]

1. d4 d5 2. c4 e5 3. dxe5 d4 4. Nf3 Nc6 5. a3 a5 6. Bg5 Be7 7. Bf4 Bc5 8. Nbd2
Nge7 9. Ne4 Ba7 10. h3 Ng6 11. Qd2 Qe7 12. O-O-O O-O 13. g4 Ngxe5 14. Bxe5 Nxe5
15. Qf4 Nxc4 16. Nxd4 Nxa3 17. bxa3 Qxa3+ 18. Kc2 Qa2+ 19. Kc3 Qa3+ 20. Kc4 Qb4+
0-1

[Event "AUTO-MASTER-1654"]
[Site "http://www.queenalice.com/game.php?id=1115591"]
[Date "2012.10.24"]
[Round "2"]
[White "CCapivara"]
[Black "tranquilli_calmo"]
[Result "0-1"]
[WhiteElo "2100"]
[BlackElo "2031"]

1. e4 c6 2. d4 d6 3. c4 Nf6 4. Nc3 Bg4 5. f3 Bh5 6. Be3 Qb6 7. Qd2 Nbd7 8. h4
Bg6 9. g4 h6 10. Nh3 c5 11. g5 Ng8 12. Nd5 Qc6 13. Nhf4 cxd4 14. Bxd4 Bh7 15. g6
fxg6 16. Rg1 e5 17. Ne6 exd4 18. Nec7+ Kf7 19. Nxa8 Ne5 20. Be2 d3 21. Bd1 Be7
22. Rc1 Bxh4+ 23. Kf1 Ne7 24. Nac7 g5 25. f4 Bxe4 26. fxe5 Rf8 27. Rg4 Kg8+ 28.
Kg1 Nxd5 29. cxd5 Qb6+ 30. Kh2 Rf2+ 0-1

[Event "AUTO-MASTER-1654"]
[Site "http://www.queenalice.com/game.php?id=1115592"]
[Date "2012.10.24"]
[Round "2"]
[White "tranquilli_calmo"]
[Black "Norfair"]
[Result "0-1"]
[WhiteElo "2011"]
[BlackElo "2441"]

1. d4 d6 2. c4 Nf6 3. Nc3 Nbd7 4. e4 e5 5. Be3 c6 6. Be2 a6 7. Qd2 b5 8. Rd1
exd4 9. Bxd4 b4 10. Nb1 Be7 11. Qf4 O-O 12. Nf3 c5 13. Bxf6 Bxf6 14. b3 Ne5 15.
O-O Re8 0-1

[Event "AUTO-MASTER-1654"]
[Site "http://www.queenalice.com/game.php?id=1115593"]
[Date "2012.10.24"]
[Round "2"]
[White "Norfair"]
[Black "tranquilli_calmo"]
[Result "1-0"]
[WhiteElo "2440"]
[BlackElo "2013"]

1. e4 c6 2. d4 d6 3. Nf3 Nf6 4. Nc3 Bg4 5. h3 Bh5 6. Be2 e6 7. O-O Be7 8. Be3 d5
9. e5 Nfd7 10. Ne1 Bg6 11. Nd3 O-O 12. f4 Nb6 13. b3 N8d7 14. a4 Bxd3 15. Bxd3
c5 16. f5 cxd4 17. fxe6 1-0